Hunger Games Arena Deaths Quiz Stats

 Plays Quiz Updated Dec 18, 2014

Challenge
Share
Tweet
Embed
Score 0/18 Timer 04:00
0 Plays Today
Death Method Character % Correct
Mauled by Muttations, eventually shot by KatnissCato
83%
Poisoned by nightlockFoxface
82.9%
Temporarily killed by force field; Finnick revivedPeeta
82.2%
Killed by Tracker Jackers dropped by KatnissGlimmer
76.7%
Speared in the ribs by MarvelRue
76%
Killed by the acidic mistMags
75.7%
Skull crushed by ThreshClove
70.7%
Arrow in the throat by KatnissMarvel
62.9%
Killed by Cato, method unknownThresh
56.5%
Death Method Character % Correct
Attacked by monkey muttations, jumped in front of Peeta to save himMorphling
55.7%
Throat slit by GlossWiress
52.1%
Axe in the chest by JohannaCashmere
38.9%
Arrow in the temple by KatnissGloss
38.8%
Killed by Peeta, method unknownBrutus
33.7%
Ran into the forcefieldBlight
33.7%
Killed by Brutus, method unknownChaff
30.6%
Pecked to death by muttation birdsMaysilee Donner
21.5%
Killed by an avalancheTitus
18.6%

You're not logged in!

Compare scores with friends on all Sporcle quizzes.
OR
Log In

You Might Also Like...

Show Comments

Extras

Top Quizzes Today


Score Distribution

Your Account Isn't Verified!

In order to create a playlist on Sporcle, you need to verify the email address you used during registration. Go to your Sporcle Settings to finish the process.

Report this User

Report this user for behavior that violates our Community Guidelines.

Details: